000 00467nam a2200193Ia 4500
005 20140402154516.0
008 140130s9999 xx 000 0 und d
020 _a9780545100670
050 _aPZ 7
_b.M4116Sn 2009
100 _aMason, Jane
_931378
245 _cJane Mason.
_aSnowfall surprise /
260 _bScholastic,
_c2009.
_aUSA :
300 _a123 p. :
_c19 cm.
440 _v1
521 _aG6
526 _c830
942 _cBK
_2lcc
999 _c41202
_d41202